000 00506nam a2200181Ia 4500
005 20250326123525.0
008 250326s9999 xx 000 0 und d
037 _aTextbook
040 _aFMSL
_beng
_cFMSL
041 _aeng
_2eng
084 _aX:513 P1
_qFMSL
100 _aMarkowitz A M
_9735380
245 0 _aFlawless consulting :Field book & companion
_cMarkowitz A M
260 _aUSA
_bUSA, Jossey-Bass
_c2001
300 _a442p
942 _cTB
_hX:513 P1
999 _c1269756
_d1269756